000 00250nam a2200097Ia 4500
001 719456
005 20250826163043.0
008 250824s9999 xx 000 0 und d
245 0 _aAYDINLANMA DEĞİL,MERHAMET!
_cALEV ALATLI
260 _bEVEREST YAYINLARI
999 _c719456
_d719456